China's rise : (Record no. 37926)

MARC details
000 -LEADER
campo de control de longitud fija 02795cam a2200541 a 4500
001 - NÚMERO DE CONTROL
campo de control 92887
003 - IDENTIFICADOR DE NÚMERO DE CONTROL
campo de control BJBSDDR
005 - FECHA Y HORA DE LA ÚLTIMA TRANSACCIÓN
campo de control 20240411122558.0
007 - CAMPO FIJO DE DESCRIPCIÓN FÍSICA--INFORMACIÓN GENERAL
campo de control de longitud fija ta
008 - DATOS DE LONGITUD FIJA--INFORMACIÓN GENERAL
campo de control de longitud fija 080708s2008 dcuab b 001 0 eng
010 ## - NÚMERO DE CONTROL DE LA BIBLIOTECA DEL CONGRESO
Número de control de LC 2008028925
015 ## - NÚMERO DE BIBLIOGRAFÍA NACIONAL
Número de bibliografía nacional GBA8A3920
Fuente bnb
016 7# - NÚMERO DE CONTROL DE UNA AGENCIA BIBLIOGRÁFICA NACIONAL
Número de control del registro 014703061
Fuente Uk
020 ## - NÚMERO INTERNACIONAL ESTÁNDAR DEL LIBRO
Número Internacional Estándar del Libro 9780881324174 (alk. paper)
020 ## - NÚMERO INTERNACIONAL ESTÁNDAR DEL LIBRO
Número Internacional Estándar del Libro 0881324175 (alk. paper)
029 1# - OTRO NÚMERO DE CONTROL DE SISTEMA (OCLC)
Identificador de la biblioteca OCLC AU@
Número de control de sistema 000043227075
029 1# - OTRO NÚMERO DE CONTROL DE SISTEMA (OCLC)
Identificador de la biblioteca OCLC NLGGC
Número de control de sistema 315646381
029 1# - OTRO NÚMERO DE CONTROL DE SISTEMA (OCLC)
Identificador de la biblioteca OCLC NZ1
Número de control de sistema 12520157
029 1# - OTRO NÚMERO DE CONTROL DE SISTEMA (OCLC)
Identificador de la biblioteca OCLC CDX
Número de control de sistema 7195549
029 1# - OTRO NÚMERO DE CONTROL DE SISTEMA (OCLC)
Identificador de la biblioteca OCLC GEBAY
Número de control de sistema 10882444
035 ## - NÚMERO DE CONTROL DEL SISTEMA
Número de control de sistema (OCoLC)ocn229309081
035 ## - NÚMERO DE CONTROL DEL SISTEMA
Número de control de sistema (OCoLC)229309081
040 ## - FUENTE DE CATALOGACIÓN
Centro catalogador/agencia de origen DLC
Centro/agencia transcriptor DLC
Centro/agencia modificador YDXCP
-- BAKER
-- UKM
-- C#P
-- MNY
-- CDX
-- BWX
-- IXA
-- CPE
-- CQU
-- ABI
-- VP@
-- GEBAY
Lengua de catalogación eng
041 ## - CÓDIGO DE IDIOMA
Código de lengua del texto/banda sonora o título independiente eng
043 ## - CÓDIGO DE ÁREA GEOGRÁFICA
Código de área geográfica a-cc---
050 14 - SIGNATURA TOPOGRÁFICA DE LA BIBLIOTECA DEL CONGRESO
Número de clasificación HC 427.95
Número de ítem C539r 2008
082 00 - NÚMERO DE LA CLASIFICACIÓN DECIMAL DEWEY
Número de clasificación 330
245 00 - MENCIÓN DEL TÍTULO
Título China's rise :
Resto del título challenges and opportunities /
Mención de responsabilidad, etc. C. Fred Bergsten ... [et al.].
260 ## - PUBLICACIÓN, DISTRIBUCIÓN, ETC.
Lugar de publicación, distribución, etc. Washington, DC :
Nombre del editor, distribuidor, etc. Peterson Institute for International Economics :
-- Center for Strategic and International Studies,
Fecha de publicación, distribución, etc. c2008.
300 ## - DESCRIPCIÓN FÍSICA
Extensión xxi, 269 pages :
Otras características físicas illustrations, maps ;
Dimensiones 24 cm.
504 ## - NOTA DE BIBLIOGRAFÍA, ETC.
Nota de bibliografía, etc. Includes bibliographical references (p. [241]-243) and index.
505 0# - NOTA DE CONTENIDO CON FORMATO
Nota de contenido con formato Chronology of main events -- Introduction -- 1. China's challenge to the global economic order -- 2. China debates its future -- 3. Democracy with Chinese characteristics? : political reform and the future of the Chinese Communist Party -- 4. Center-local relations : Hu's in charge here? -- 5. Corruption in China : crisis or constant? -- 6. Sustaining economic growth in China -- 7. Energy implications of China's growth -- 8. Why does the United States care about Taiwan? -- 9. China's military modernization -- 10. China and the world -- 11. Conclusion.
520 ## - RESUMEN, ETC.
Sumario, etc. The authors discuss China's military modernisation, China's increasing soft power influence in Asia and around the world, China's policy toward Taiwan, domestic political development, the exchange rate controversy, energy and the environment, and trade disputes and investment issues
650 #0 - PUNTO DE ACCESO ADICIONAL DE MATERIA--TÉRMINO DE MATERIA
Término de materia o nombre geográfico como elemento de entrada Democratization
Subdivisión geográfica China.
650 #4 - PUNTO DE ACCESO ADICIONAL DE MATERIA--TÉRMINO DE MATERIA
Término de materia o nombre geográfico como elemento de entrada Democratización
Subdivisión geográfica China
9 (RLIN) 6865
651 #4 - PUNTO DE ACCESO ADICIONAL DE MATERIA--NOMBRE GEOGRÁFICO
Nombre geográfico China
Subdivisión general Condiciones económicas
9 (RLIN) 4814
Subdivisión cronológica 2000-
651 #4 - PUNTO DE ACCESO ADICIONAL DE MATERIA--NOMBRE GEOGRÁFICO
Nombre geográfico China
Subdivisión general Relaciones económicas exteriores
9 (RLIN) 14569
651 #4 - PUNTO DE ACCESO ADICIONAL DE MATERIA--NOMBRE GEOGRÁFICO
Nombre geográfico China
Subdivisión general Política y gobierno
9 (RLIN) 3423
Subdivisión cronológica 2002-
700 1# - ENTRADA AGREGADA--NOMBRE PERSONAL
Nombre de persona Bergsten, C. Fred,
Fechas asociadas al nombre 1941-
9 (RLIN) 3425
700 1# - ENTRADA AGREGADA--NOMBRE PERSONAL
Nombre de persona Freeman, Charles
9 (RLIN) 35209
700 1# - ENTRADA AGREGADA--NOMBRE PERSONAL
Nombre de persona Lardy, Nicholas R.
9 (RLIN) 35210
700 1# - ENTRADA AGREGADA--NOMBRE PERSONAL
Nombre de persona Mitchell, Derek J.,
Fechas asociadas al nombre 1964-
9 (RLIN) 35211
710 2# - ENTRADA AGREGADA--NOMBRE DE ENTIDAD CORPORATIVA
Nombre de entidad corporativa o nombre de jurisdicción como elemento de entrada Peterson Institute for International Economics
9 (RLIN) 32442
710 2# - ENTRADA AGREGADA--NOMBRE DE ENTIDAD CORPORATIVA
Nombre de entidad corporativa o nombre de jurisdicción como elemento de entrada Center for Strategic and International Studies (Washington, D.C.)
9 (RLIN) 35208
856 41 - LOCALIZACIÓN Y ACCESO ELECTRÓNICOS
Materiales especificados Table of contents only
Identificador Uniforme de Recursos <a href="http://www.loc.gov/catdir/toc/ecip0822/2008028925.html">http://www.loc.gov/catdir/toc/ecip0822/2008028925.html</a>
942 ## - ELEMENTOS DE ENTRADA SECUNDARIOS (KOHA)
Fuente del sistema de clasificación o colocación Clasificación de Library of Congress
Tipo de ítem Koha Libro
946 ## - PROCESAMIENTO DE INFORMACIÓN LOCAL (OCLC)
a JP
Holdings
Estatus retirado Estado de pérdida Fuente del sistema de clasificación o colocación Estado de daño No para préstamo Colección Biblioteca de origen Biblioteca actual Ubicación en estantería Fecha de adquisición Signatura topográfica completa Código de barras Visto por última vez Copia número Tipo de ítem Koha
    Clasificación de Library of Congress     Ciencias Sociales Biblioteca Juan Bosch Biblioteca Juan Bosch Ciencias Sociales (3er. Piso) 10/04/2023 HC 427.95 C539r 2008 00000086431 24/10/2018 1 Libro